| 000 | 01417nam a2200325 i 4500 | ||
|---|---|---|---|
| 003 | EG-GICUC | ||
| 005 | 20260121101200.0 | ||
| 008 | 251109s1909 ua ||||fr|||| 000 0 ara d | ||
| 040 |
_a EG-GICUC _bara _c EG-GICUC _d EG-GICUC _erda |
||
| 041 | 0 | _aara | |
| 082 | 0 | 4 |
_221 _a257.1 _bع ل . ك |
| 092 | 0 | 4 | _221 |
| 099 | _aLaw1 01 257.1 ع ل . ك 1909 | ||
| 100 | 0 |
_aعلي بن محمد الماوردي _eمؤلف. |
|
| 245 | 1 | 0 |
_aكتاب الاحكام السلطانية / _cتأليف اقضي القضاه أبي الحسن علي بن محمد بن حبيب البصري البغدادي الماوردي ؛ عني بتصحيحه السيد محمد بدر الدين النعساني الحلبي |
| 250 | _aالطبعة الاولي. | ||
| 264 | 1 |
_aالقاهرة : _bمطبعة السعادة، _c1909. |
|
| 300 |
_a324 صفحة : _bصفحات غير مرقمة ؛ _c24 سم. |
||
| 336 |
_2rda content _atext |
||
| 337 |
_2rda media _aComputer |
||
| 338 |
_2rda carrier _aOnline Resource |
||
| 504 | _aيشتمل على إرجاعات ببليوجرافية. | ||
| 546 | _aالنص باللغة العربية | ||
| 650 | 1 |
_a النظام السياسي _2qrmak |
|
| 651 | 1 | _2qrmak | |
| 700 |
_aالسيد محمد بدر الدين النعساني الحلبي _eمساهم |
||
| 856 | 4 | 0 | _uhttps://fll.law.cu.edu.eg/fulltext/bks/B01-03086.pdf |
| 905 | _a62 | ||
| 942 |
_2ddc _cBK _e21 _n0 |
||
| 999 |
_c41938 _d41938 |
||